| 000 | 00609nam a22002057a 4500 | ||
|---|---|---|---|
| 005 | 20180216103542.0 | ||
| 010 | _aENG-122278 | ||
| 020 |
_a9789387472297 _c395.00 |
||
| 035 | _aEN-105810 | ||
| 037 | _bDBAD/PUB | ||
| 082 | _a004 | ||
| 100 | _aRajaraman, V. | ||
| 245 |
_aIntroduction to information technology / _cby V. Rajaraman |
||
| 250 | _a3rd ed. | ||
| 260 |
_aDelhi _bPHI Learning _cc2018 |
||
| 270 |
_aRimjhim House, 111, Patparganj industrial estate _bDelhi _e110092 |
||
| 300 |
_axiv, 382p. _c24cm(pbk) |
||
| 500 | _aIt includes index | ||
| 942 |
_2ddc _cEN _h004 _mRAJ _e3rd ed. |
||
| 999 |
_c149960 _d149960 |
||